Central Library OPAC University of Rajshahi

Economics at large : (Record no. 42878)

MARC details
000 -LEADER
fixed length control field 00726nam a2200241 a 4500
001 - CONTROL NUMBER
control field 42878
003 - CONTROL NUMBER IDENTIFIER
rucl marc code BD-RjUL
005 - DATE AND TIME OF LATEST TRANSACTION
control field 20211209053616.0
008 - FIXED-LENGTH DATA ELEMENTS--GENERAL INFORMATION
fixed length control field 160616s1968 enka 001 0 eng
020 ## - INTERNATIONAL STANDARD BOOK NUMBER
International Standard Book Number 029776327X
035 ## - SYSTEM CONTROL NUMBER
System control number (BD-RjUL)42996
040 ## - CATALOGING SOURCE
Original cataloging agency DLC
Transcribing agency DLC
Modifying agency m.c.
-- RCD
-- BD-RjUL
Language of cataloging eng
041 ## - LANGUAGE CODE
Language code of text/sound track or separate title eng
082 ## - DEWEY DECIMAL CLASSIFICATION NUMBER
Edition number 23
Classification number 330.018
Author mark and year SIE 1968
100 1# - MAIN ENTRY--PERSONAL NAME
Personal name Simkin, C. G. F.
9 (RLIN) 131702
245 10 - TITLE STATEMENT
Title Economics at large :
Remainder of title an advanced textbook on macro-economics /
Statement of responsibility, etc. C. G. F. Simkin.
260 ## - PUBLICATION, DISTRIBUTION, ETC. (IMPRINT)
Place of publication, distribution, etc. London :
Name of publisher, distributor, etc. Weidenfeld & Nicolson,
Date of publication, distribution, etc. c1968.
300 ## - PHYSICAL DESCRIPTION
Pagination xii, 211 p.
Illustrations ill. ;
Size 23 cm.
504 ## - BIBLIOGRAPHY, ETC. NOTE
Bibliography, etc Includes index.
650 #0 - SUBJECT ADDED ENTRY--TOPICAL TERM
Topical term or geographic name as entry element Economics, Mathematical.
9 (RLIN) 131703
Topical term or geographic name as entry element Macroeconomics.
9 (RLIN) 118064
942 ## - ADDED ENTRY ELEMENTS (KOHA)
Source of classification or shelving scheme Dewey Decimal Classification
Koha item type Books
Holdings
Lost status Source of classification or shelving scheme Damaged status Not for loan Collection code Permanent Location Current Location Shelving location Date acquired Source of acquisition Cost, normal purchase price Total Checkouts Full call number Date last seen Copy number Koha item type
  Dewey Decimal Classification   Not For Loan Non-fiction Central Library, University of Rajshahi Central Library, University of Rajshahi Reading Room 21/06/1982 Standard Publication, Dacca 90.00   330.018 SIE 1968 16/06/2016 C-1 Books